[Event "4th FIDE GP w"]
[Site "Jermuk ARM"]
[Date "2010.06.24"]
[Round "1"]
[White "Kovanova,B"]
[Black "Fierro Baquero,M"]
[Result "1-0"]
[WhiteElo "2366"]
[BlackElo "2363"]

1.e4 d6 2.d4 Nf6 3.Nc3 e5 4.Nge2 Be7 5.g3 O-O 6.Bg2 c6 7.O-O b5 8.a3 Nbd7
9.h3 Bb7 10.g4 h6 11.Ng3 Re8 12.Nf5 a5 13.g5 hxg5 14.Bxg5 b4 15.Ne2 Bf8 16.Neg3 exd4
17.Qxd4 c5 18.Qd2 Qc7 19.Rfe1 Nh7 20.Bf4 Ne5 21.Rad1 Re6 22.axb4 axb4 23.b3 Bc6
24.c4 Ra3 25.Qc2 Qa7 26.Re2 Nf6 27.Bc1 Ra6 28.f4 Ng6 29.Rf1 Qa8 30.Nh6+ gxh6
31.f5 Bg7 32.fxe6 fxe6 33.Bxh6 Bh8 34.e5  1-0

[Event "24th Open"]
[Site "Pula CRO"]
[Date "2010.06.24"]
[Round "7"]
[White "Berke,A"]
[Black "Dimitrijevic,Da"]
[Result "1-0"]
[WhiteElo "2140"]
[BlackElo "2299"]

1.e4 d6 2.d4 Nf6 3.Nc3 c6 4.Nf3 Bg4 5.Be2 d5 6.exd5 Bxf3 7.Bxf3 cxd5 8.Qe2 a6
9.Bg5 Nbd7 10.O-O Nb6 11.a4 Rc8 12.Bxf6 gxf6 13.a5 Rxc3 14.bxc3 Nc4 15.Rfe1 e6
16.Bh5 Ke7 17.Bxf7 Kxf7 18.Qxe6+ Kg6 19.Rab1 Nxa5 20.Re5  1-0

[Event "70th ch-ITA S/F"]
[Site "Torino ITA"]
[Date "2010.06.24"]
[Round "5"]
[White "Rombaldoni,Ax"]
[Black "Mogranzini,R"]
[Result "1/2-1/2"]
[WhiteElo "2436"]
[BlackElo "2405"]

1.e4 d6 2.d4 Nf6 3.Nc3 e5 4.Nf3 Nbd7 5.Bc4 Be7 6.O-O O-O 7.a4 c6 8.Ba2 b6
9.Re1 a6 10.h3 Rb8 11.Qe2 b5 12.axb5 axb5 13.d5 Bb7 14.b4 Ra8 15.Be3 Qc7
16.Bb3 cxd5 17.Nxd5 Bxd5 18.exd5 Qb7 19.Bg5 h6 20.Bxf6 Nxf6 21.Nd2 Rfc8 22.Qd3 Qb6
23.g3 g6 24.Kg2 Bf8 25.g4  1/2-1/2

[Event "Open"]
[Site "Eforie Nord ROU"]
[Date "2010.06.25"]
[Round "9"]
[White "Katzir,M"]
[Black "Badea,B"]
[Result "0-1"]
[WhiteElo "2252"]
[BlackElo "2495"]

1.e4 d6 2.d4 Nf6 3.Nc3 e5 4.Nf3 Nbd7 5.Bc4 Be7 6.O-O O-O 7.Re1 c6 8.a4 b6
9.b3 a6 10.Bb2 Bb7 11.Bd3 g6 12.Qd2 Re8 13.dxe5 Nxe5 14.Nxe5 dxe5 15.h3 Bb4
16.Qg5 Kg7 17.Red1 h6 18.Qh4 Qe7 19.Ne2 Bc5 20.Kh1 Rad8 21.Rf1 Ra8 22.Rfd1 Rad8
23.Rf1 Bd6 24.Rae1 Nd7 25.Qg3 Kh7 26.Bc1 b5 27.Qe3 Qf8 28.Qg3 Qg7 29.Bb2 f6
30.f4 exf4 31.Nxf4 Be5 32.Bxe5 Nxe5 33.Qf2 Qe7 34.Re3 Bc8 35.Rg3 Rg8 36.axb5 axb5
37.Bxb5 cxb5 38.Nd5 Rxd5 39.exd5 Bf5 40.Qd4 Qd6 41.Rc3 Rd8 42.Ra1 Kg8 43.Rd1 b4
44.Rg3 Bxc2 45.Rf1 g5 46.Rc1 Bg6 47.Rd1 Bf7 48.Rf1 Bxd5 49.Qf2 Kg7 50.Re3 Bf7
51.Qf5 Bg6 52.Qf2 Rd7 53.Re2 Nd3 54.Qf3 Nf4 55.Ree1 Bf7 56.Rd1 Bd5 57.Qg4 h5
58.Qf5 Bxg2+ 59.Kg1 Qxd1 60.Rxd1 Rxd1+ 61.Kh2 Rh1+ 62.Kg3 Rxh3+ 63.Kf2 Rf3+  0-1

[Event "24th Open"]
[Site "Pula CRO"]
[Date "2010.06.25"]
[Round "8"]
[White "Jelecevic,I"]
[Black "Biti,O"]
[Result "0-1"]
[WhiteElo "2213"]
[BlackElo "2376"]

1.e4 d6 2.d4 Nf6 3.Nc3 e5 4.Nf3 Nbd7 5.Bc4 Be7 6.O-O O-O 7.Re1 c6 8.a4 a5
9.h3 Nb6 10.Bd3 Nfd7 11.Ne2 exd4 12.Nexd4 Ne5 13.Nxe5 dxe5 14.Nf3 Bf6 15.b3 Re8
16.Nh2 Bg5 17.Qh5 Bxc1 18.Raxc1 h6 19.Re3 Qg5 20.Qd1 Be6 21.Rg3 Qf4 22.Qe1 Red8
23.Rd1 c5 24.Rf3 Qh4 25.Qe3 Rac8 26.Re1 Qg5 27.Qe2 c4 28.bxc4 Nxc4 29.Rg3 Qf4
30.Rb1 Nd6 31.Ng4 Kh7 32.Rf3 Bxg4 33.hxg4 Qxg4 34.Qd2 Rc5 35.Rg3 Qd7 36.Qe3 Rdc8
37.f4 Qxa4 38.fxe5 Rxe5 39.Qf4 Qd4+ 40.Kh1 Rh5+ 41.Rh3 Qe5 42.Qxe5 Rxe5 43.Rb6 Rc6  0-1

[Event "HSG Open"]
[Site "Hilversum NED"]
[Date "2010.06.26"]
[Round "1"]
[White "Burton,G"]
[Black "De Visser,A"]
[Result "0-1"]
[WhiteElo "2083"]
[BlackElo "1883"]

1.e4 d6 2.d4 Nf6 3.Nc3 e5 4.Nf3 Nbd7 5.Bc4 Be7 6.O-O c6 7.a4 a5 8.Qe2 O-O
9.Rd1 Qc7 10.h3 exd4 11.Nxd4 Ne5 12.Bb3 Re8 13.Be3 Bf8 14.Bg5 Be7 15.f4 Ng6
16.Nf3 d5 17.Nd4 Nxf4 18.Qf3 Ne6 19.Nxe6 fxe6 20.Re1 Rf8 21.exd5 exd5 22.Bf4 Bd6
23.Bxd6 Qxd6 24.Qe3 Bf5 25.Qe5 Qxe5 26.Rxe5 Bg6 27.Re6 Rad8 28.Rae1 Rfe8
29.Rxe8+ Rxe8 30.Rxe8+ Nxe8 31.Ne2 Nd6 32.Nf4 Kf7 33.c3 Be4 34.Kf2 g5 35.Ne2 h5
36.g3 Kf6 37.Nd4 c5 38.Nf3 Bxf3 39.Kxf3 Ke5 40.g4 h4 41.Ke3 b5 42.axb5 Nxb5
43.Bc2 Nd6 44.Bd3 a4 45.Be2 Nc8 46.Bd3 Nb6 47.Be2 Kd6 48.Bf3 Kc6 49.Be2 Nd7
50.Bd1 Kb5 51.Be2+ Ka5 52.Bf3 Nf6 53.Be2 a3 54.bxa3 Ka4 55.c4 d4+ 56.Kd3 Kxa3
57.Bf3 Kb4 58.Bc6 Ka5 59.Bf3 Kb6 60.Ba8 Kc7 61.Ke2 Kd6 62.Kf3 Ke5 63.Bc6 Nh7
64.Be4 Nf8 65.Bd3 Ne6 66.Be2 Nf4 67.Bf1 Kd6 68.Ke4 d3 69.Bxd3 Nxh3  0-1

[Event "TCh-SUI 2010"]
[Site "Switzerland SUI"]
[Date "2010.06.27"]
[Round "5.6"]
[White "Gabersek,A"]
[Black "Schmidt Schaeffer,S"]
[Result "0-1"]
[WhiteElo "2111"]
[BlackElo "2393"]

1.e4 d6 2.d4 Nf6 3.Nc3 Nbd7 4.f4 e5 5.Nf3 exd4 6.Qxd4 c6 7.Be3 d5 8.exd5 Bc5
9.Qd3 Qe7 10.Nd4 Nb6 11.Be2 Nbxd5 12.Nxd5 Nxd5 13.Bd2 O-O 14.Nb3 Bg4 15.Nxc5 Rfe8
16.O-O-O Bxe2 17.Qd4 Bxd1 18.Rxd1 b6 19.Nd3 Qe4 20.Qf2 c5 21.Re1 Qa4 22.Kb1 Rxe1+
23.Qxe1 Re8 24.Qh4 Qe4 25.Qg3 Qe2 26.Bc1 Ne3 27.Bxe3 Rxe3  0-1

[Event "5th Open"]
[Site "Wroclaw POL"]
[Date "2010.06.27"]
[Round "2"]
[White "Iwanow,A"]
[Black "Bebel,A"]
[Result "0-1"]
[WhiteElo "2097"]
[BlackElo "2247"]

1.e4 d6 2.d4 Nf6 3.Nc3 e5 4.Nf3 Nbd7 5.Bc4 Be7 6.O-O O-O 7.Re1 c6 8.a4 b6
9.d5 Bb7 10.b3 a6 11.Ba3 c5 12.h3 g6 13.Kh2 Kh8 14.Rg1 Ng8 15.g4 Bg5 16.Nxg5 Qxg5
17.Bc1 Qe7 18.Qf3 f5 19.gxf5 gxf5 20.exf5 Ndf6 21.Bg5 Qf7 22.Rad1 Rae8 23.Rg2 e4
24.Qg3 Re5 25.Qh4 Bc8 26.Bc1 Rxf5 27.Be2 Ne7 28.Nxe4 Nxe4 29.Qxe4 Ng6 30.Bb2+ Kg8
31.Rf1 Re8 32.Qd3 Kf8 33.Qd2 Rf4 34.Bg4 Bxg4 35.Rxg4 Ree4 36.f3 Rxg4 37.fxe4 Qxf1
38.Qh6+ Ke8 39.hxg4 Nf4 40.Kg3 Ne2+ 41.Kh4 Qf2+ 42.Kh5 Qh2+ 43.Kg5 Qf4+  0-1

[Event "HSG Open"]
[Site "Hilversum NED"]
[Date "2010.06.28"]
[Round "3"]
[White "De Jongh,Adriaan"]
[Black "De Visser,A"]
[Result "1-0"]
[WhiteElo "2227"]
[BlackElo "1883"]

1.e4 d6 2.d4 Nf6 3.Nc3 e5 4.Nf3 Nbd7 5.Bc4 Be7 6.O-O c6 7.a4 a5 8.Ba2 O-O
9.Re1 Qc7 10.h3 Rb8 11.Qe2 exd4 12.Nxd4 Ne5 13.Be3 Re8 14.f4 Ng6 15.Qf3 Bf8
16.Rad1 c5 17.Ndb5 Qc6 18.Bf2 b6 19.Nd5 Be6 20.Nxf6+ gxf6 21.Bd5 Bxd5 22.Rxd5 Rbd8
23.Red1 Rd7 24.Bg3 f5 25.exf5 Ne7 26.Qg4+ Kh8 27.Rxd6 Rxd6 28.Nxd6 Ng6 29.Nxf7+ Kg7
30.fxg6  1-0

[Event "Scheveningen"]
[Site "Kefar Sava ISR"]
[Date "2010.06.28"]
[Round "7"]
[White "Reshef,O"]
[Black "Libov,G"]
[Result "1-0"]
[WhiteElo "1950"]
[BlackElo "2198"]

1.e4 d6 2.d4 Nf6 3.Nc3 Nbd7 4.Nf3 e5 5.Bc4 Be7 6.O-O c6 7.dxe5 dxe5 8.Bg5 O-O
9.Qe2 b5 10.Bb3 a6 11.Rad1 Qc7 12.a3 Nc5 13.Ba2 Be6 14.Bxe6 Nxe6 15.Bc1 a5
16.b3 h6 17.a4 b4 18.Nb1 Nd7 19.Bb2 Bf6 20.Nbd2 Nb6 21.g3 c5 22.Nc4 Nd4 23.Nxd4 cxd4
24.Nxb6 Qxb6 25.Qd3 Qa6 26.f4 Rfc8 27.Rf2 Qxd3 28.Rxd3 Rc6 29.fxe5 Bg5 30.Bxd4 Rac8
31.Rdf3 Rd8 32.c3 h5 33.Kg2 Bc1 34.Rd3 Ba3 35.c4 Bc1 36.Rff3 g6 37.Bf2 Re8
38.Rd5 Ra6 39.Bd4 Bg5 40.Bc5 Be7 41.Bxe7 Rxe7 42.Rfd3 Kg7 43.Rd6 Raa7 44.R3d5 Re6
45.Kf3 g5 46.Ke3 g4 47.Kd4 h4 48.c5 Rc7 49.Rxe6 fxe6 50.Rd6 Rf7 51.c6 hxg3
52.hxg3 Rf3 53.Kc5 Rxg3 54.Kb6 Rc3 55.c7 g3 56.Rd1 Kg6 57.Kb7 Kg5 58.c8=Q Rxc8
59.Kxc8 Kf4 60.Kd7 Kxe5 61.Rg1 Kxe4 62.Kxe6  1-0

[Event "1st Open"]
[Site "Marrakesh MAR"]
[Date "2010.06.28"]
[Round "4"]
[White "Chorfi,K"]
[Black "Bissieres,M"]
[Result "1/2-1/2"]
[WhiteElo "2174"]
[BlackElo "2341"]

1.e4 d6 2.d4 Nf6 3.Nc3 Nbd7 4.Nf3 e5 5.Bc4 Be7 6.dxe5 dxe5 7.O-O O-O 8.Qe2 c6
9.Rd1 b5 10.Bb3 Qc7 11.a3 a5 12.a4 b4 13.Nb1 Nc5 14.Nbd2 Bg4 15.h3 Bh5 16.Re1 Rad8
17.g4 Bg6 18.Nh4 Bxe4 19.g5 Rxd2 20.Bxd2 Nfd7 21.Qg4 Nxb3 22.cxb3 Bd5 23.Nf5 Nc5
24.Be3 Nxb3 25.Rad1 f6 26.g6 Bc5 27.gxh7+ Kxh7 28.Qh5+ Kg8 29.Qg6 Rb8 30.Qh5  1/2-1/2

[Event "1st Open"]
[Site "Marrakesh MAR"]
[Date "2010.06.29"]
[Round "6"]
[White "Godard,M"]
[Black "Krasenkow,M"]
[Result "0-1"]
[WhiteElo "2344"]
[BlackElo "2628"]

1.d4 d6 2.e4 Nf6 3.Nc3 c6 4.f4 Qa5 5.Bd3 e5 6.Nf3 Nbd7 7.O-O Be7 8.Kh1 O-O
9.Qe1 Qc7 10.a4 a5 11.Bc4 exd4 12.Nxd4 d5 13.exd5 Nb6 14.Bb3 Nbxd5 15.Bxd5 Nxd5
16.Ndb5 Qd8 17.Nxd5 cxd5 18.f5 Bf6 19.c3 Bd7 20.Be3 Re8 21.Qd2 Bxb5 22.axb5 Re4
23.Bg1 Qd7 24.Rad1 Qxb5 25.Qxd5 Re5 26.Qf3 Re2 27.Bd4 Bxd4 28.Rxd4 Rxb2 29.c4 Qc6
30.Qg3 Qf6 31.Qd3 Re8 32.Rd6 Qg5 33.Qd5 Rf2 34.Rg1 Rxf5 35.Qxb7 Qe3 36.h3 h6
37.Rd5 Qe6 38.Qb5 Rf2 39.Qxa5  0-1

[Event "5th Open"]
[Site "Wroclaw POL"]
[Date "2010.06.29"]
[Round "5"]
[White "Feuerstack,A"]
[Black "Orzechowski,J"]
[Result "1-0"]
[WhiteElo "2371"]
[BlackElo "2283"]

1.e4 d6 2.d4 Nf6 3.Nc3 e5 4.Nf3 Nbd7 5.Bc4 Be7 6.O-O O-O 7.Re1 a6 8.a4 b6
9.b3 Bb7 10.Bb2 c6 11.Bd3 Qc7 12.Ne2 d5 13.Ng3 dxe4 14.Nxe4 Nxe4 15.Rxe4 f5
16.Bc4+ Kh8 17.Rxe5 Nxe5 18.Nxe5 b5 19.Bd3 Bf6 20.Qh5 Bxe5 21.dxe5 Qf7 22.Qxf7 Rxf7
23.e6 Re7 24.Bxf5 Rae8 25.Bh3 Rxe6 26.Bxe6 Rxe6 27.Rd1 h6 28.f3 c5 29.axb5 axb5
30.Bc3  1-0

[Event "Scheveningen"]
[Site "Kefar Sava ISR"]
[Date "2010.06.30"]
[Round "9"]
[White "Efroimski,M"]
[Black "Shnaider,D"]
[Result "1-0"]
[WhiteElo "2170"]
[BlackElo "2247"]

1.e4 d6 2.d4 Nf6 3.Nc3 e5 4.Nge2 Be7 5.f3 O-O 6.Be3 c6 7.Qd2 b5 8.g4 Nbd7
9.g5 Nh5 10.Ng3 exd4 11.Qxd4 Nxg3 12.hxg3 Bxg5 13.f4 Be7 14.O-O-O Qa5 15.Bd3 h6
16.e5 d5 17.Nxd5 cxd5 18.Qxd5 Rb8 19.Qe4 f5 20.exf6 Bxf6 21.Rxh6 Qxa2 22.b3 Bb2+
23.Kd2 Nf6 24.Rxf6 Bxf6 25.Qh7+ Kf7 26.Qg6+ Ke6 27.Bc5 Rh8 28.Re1+ Kd5 29.Qf7+ Kxc5
30.b4+ Kxb4 31.Re4+ Ka3 32.Qxa7+ Kb2 33.Rb4+ Ka1  1-0

[Event "5th Open"]
[Site "Wroclaw POL"]
[Date "2010.06.30"]
[Round "7"]
[White "Warakomski,T"]
[Black "Markus,Rob"]
[Result "0-1"]
[WhiteElo "2499"]
[BlackElo "2615"]

1.e4 d6 2.d4 Nf6 3.Nc3 e5 4.Nf3 Nbd7 5.Bc4 Be7 6.O-O O-O 7.Re1 c6 8.a4 a5
9.h3 Nb6 10.Bf1 exd4 11.Nxd4 d5 12.e5 Ne8 13.Qf3 Bg5 14.Bf4 g6 15.Rad1 Ng7
16.b3 Ne6 17.Nce2 Nxf4 18.Nxf4 Qe7 19.Qg3 Be6 20.Nf3 Bh6 21.h4 Nd7 22.Ng5 Nc5
23.f3 Rae8 24.Ne2 Bc8 25.Nd4 f6 26.exf6 Qxf6 27.c3 Bg7 28.Nh3 Re5 29.Nf2 Rh5
30.Re3 Bh6  0-1

[Event "5th Open"]
[Site "Wroclaw POL"]
[Date "2010.06.30"]
[Round "7"]
[White "Macieja,B"]
[Black "Bebel,A"]
[Result "1-0"]
[WhiteElo "2618"]
[BlackElo "2247"]

1.e4 d6 2.d4 Nf6 3.Nc3 e5 4.Nf3 Nbd7 5.Bc4 Be7 6.O-O O-O 7.a4 c6 8.Re1 b6
9.d5 Bb7 10.dxc6 Bxc6 11.Bg5 Rc8 12.Bxf6 Nxf6 13.Qd3 Qc7 14.b3 a5 15.Rad1 g6
16.Nd2 Nh5 17.g3 Kh8 18.Ba6 Rcd8 19.Qc4 Qd7 20.Bb5 Bxb5 21.Qxb5 Qh3 22.Qf1 Qe6
23.Qe2 Ng7 24.Nc4 Rb8 25.Rd5 f5 26.Red1 Ne8 27.exf5 Rxf5 28.Rb5 Rh5 29.Nd5 Qh3
30.f4 Bf8 31.fxe5 dxe5 32.Nxe5 Qc8 33.Nf4 Rf5 34.Nd7 Bc5+ 35.Kh1 Nc7 36.Rxc5 bxc5
37.Nxb8 Qxb8 38.Qe7 Ne8 39.Rd8 Re5 40.Qf8+  1-0

[Event "5th Open"]
[Site "Wroclaw POL"]
[Date "2010.07.01"]
[Round "8"]
[White "Zawadzka,J"]
[Black "Kudzma,L"]
[Result "1-0"]
[WhiteElo "2415"]
[BlackElo "2207"]

1.e4 d6 2.d4 Nf6 3.Nc3 c6 4.f4 Qa5 5.Bd3 e5 6.dxe5 dxe5 7.f5 Nbd7 8.Nf3 Bc5
9.Nd2 Qc7 10.Qf3 a5 11.a4 b6 12.Nb3 Be7 13.O-O Nc5 14.Nxc5 Bxc5+ 15.Kh1 Bb7
16.Qg3 Kf8 17.Bg5 Ba6 18.Rad1 Bxd3 19.Rxd3 h6 20.Bxf6 gxf6 21.Rfd1 Ke7 22.Ne2 Rad8
23.Nc1 Bd4 24.Rxd4  1-0

[Event "1st Open"]
[Site "Marrakesh MAR"]
[Date "2010.07.02"]
[Round "9"]
[White "Berelowitsch,A"]
[Black "Strikovic,A"]
[Result "1-0"]
[WhiteElo "2566"]
[BlackElo "2557"]

1.e4 d6 2.d4 Nf6 3.Nc3 e5 4.dxe5 dxe5 5.Qxd8+ Kxd8 6.Bc4 Ke8 7.Nf3 Bd6 8.Bg5 Nbd7
9.O-O-O a6 10.a4 h6 11.Bh4 g6 12.Nd2 Kf8 13.Bb3 Kg7 14.Nc4 Bb4 15.Nxe5 Bxc3
16.Nxd7 Bxb2+ 17.Kxb2 Nxd7 18.Bg3 Nc5 19.Bxc7 Nxb3 20.cxb3 Be6 21.Rd6 Rhc8
22.Rc1 Re8 23.Rb6 Bc8 24.f3 g5 25.Bd6  1-0

[Event "FSIM July"]
[Site "Budapest HUN"]
[Date "2010.07.03"]
[Round "1"]
[White "Lengyel,B"]
[Black "Berczes,C"]
[Result "1-0"]
[WhiteElo "2257"]
[BlackElo "2384"]

1.e4 d6 2.d4 Nf6 3.Nc3 e5 4.Nf3 Nbd7 5.Bc4 Be7 6.O-O O-O 7.a4 c6 8.Ba2 Qb6
9.a5 Qc7 10.Bg5 h6 11.Bh4 Re8 12.Bg3 Bf8 13.Re1 Rb8 14.Nh4 b5 15.axb6 axb6
16.d5 cxd5 17.Nxd5 Nxd5 18.Qxd5 Nf6 19.Qd3 Bb7 20.Ng6 Nh5 21.Rad1 Ra8 22.Bb3 Nxg3
23.hxg3 Red8 24.g4 Be7 25.Nxe7+ Qxe7 26.Qe3 Qc7 27.g5 hxg5 28.Qxg5 Bc8 29.Re3 Be6
30.Rg3 Kf8 31.Qxg7+ Ke7 32.Bxe6 Kxe6 33.Rg6+ Kd7 34.Rgxd6+ Qxd6 35.Rxd6+ Kxd6
36.Qxf7 Re8 37.g4 Rac8 38.Kg2 Re7 39.Qd5+ Kc7 40.c4 Rd8 41.Qb5 Rd6 42.b4 Rc6
43.Qa6 Kb8 44.Kg3 Rf6 45.Qb5 Kc7 46.g5 Rc6 47.Kg4 Rd6 48.c5 Rc6 49.cxb6+ Kb7
50.Qd5 Kxb6 51.Qd8+ Rcc7 52.g6 Kb7 53.Kg5 Rcd7 54.Qf8 Rc7 55.Kf6 Red7 56.g7 Rd2
57.Kxe5  1-0

[Event "38th World Open"]
[Site "King of Prussia USA"]
[Date "2010.07.04"]
[Round "7"]
[White "Zapata,Alo"]
[Black "Young,An"]
[Result "0-1"]
[WhiteElo "2513"]
[BlackElo "2353"]

1.e4 d6 2.d4 Nf6 3.Nc3 c6 4.a4 g6 5.Be3 Qa5 6.Bd3 Na6 7.Bd2 Qb6 8.Nge2 Bg7
9.a5 Qc7 10.O-O O-O 11.Qc1 Nb4 12.Bc4 c5 13.d5 e6 14.Nf4 Qe7 15.Re1 Ng4 16.Nd1 Qh4
17.h3 Ne5 18.Be2 g5 19.Nh5 Qxe4 20.Nxg7 Kxg7 21.Bxg5 Nxc2 22.Bh6+ Kg8 23.Ra4 Qxa4
24.Bd3 Nxe1 25.Bxh7+ Kxh7 26.Bxf8 Qh4 27.Bxd6 Qg5  0-1

[Event "Sparkassen Open"]
[Site "Nettetal GER"]
[Date "2010.07.04"]
[Round "2"]
[White "Thieme,W"]
[Black "Herbold,M"]
[Result "0-1"]
[WhiteElo "1953"]
[BlackElo "2172"]

1.e4 d6 2.d4 Nf6 3.Nc3 Nbd7 4.Nf3 e5 5.dxe5 dxe5 6.Bc4 Bb4 7.Bg5 O-O 8.O-O Bxc3
9.bxc3 Qe7 10.Re1 h6 11.Bh4 Nb6 12.Bb3 Bg4 13.Re3 Rad8 14.Qe2 Rd6 15.Rd1 Rxd1+
16.Qxd1 Rd8 17.Qe2 Nbd7 18.h3 Bh5 19.g4 Bg6 20.g5 hxg5 21.Bxg5 Bh5 22.Qc4 Nb6
23.Qe2 c5 24.Bd5 Nbxd5 25.exd5 e4 26.Qe1 Rxd5 27.Bh4 Bxf3 28.Rxf3 Qd7  0-1

[Event "XXXIII Open"]
[Site "Barbera del Valles ESP"]
[Date "2010.07.05"]
[Round "2"]
[White "Randazzo,A"]
[Black "Silva Rodriguez,F"]
[Result "1-0"]
[WhiteElo "2243"]
[BlackElo "2115"]

1.e4 d6 2.d4 Nf6 3.Nc3 Nbd7 4.g4 h6 5.h3 e5 6.Nge2 c6 7.Bg2 b5 8.a3 a5 9.O-O Bb7
10.Ng3 b4 11.axb4 axb4 12.Rxa8 Qxa8 13.Nce2 g6 14.f4 exd4 15.e5 Nd5 16.e6 fxe6
17.Nxd4 Nc5 18.Ne4 Kd7 19.f5 gxf5 20.gxf5 e5 21.Nxc5+ dxc5 22.Ne6 Bd6 23.f6 h5
24.Qf3 Qe8 25.Ng5 Qg6 26.h4 Kc7 27.c4 bxc3 28.bxc3 c4 29.f7 Nf4 30.Bxf4 exf4
31.Rd1 Rf8 32.Kf1 Rxf7 33.Nxf7 Qxf7 34.Qe4 Qf6 35.Qh7+ Be7 36.Re1 Kd8 37.Qg8+ Kc7
38.Qh7 Kd8 39.Bh3 Qxh4 40.Qf5 Ke8 41.Re4 Bc8 42.Qxc8+ Kf7 43.Qe6+ Kf8 44.Qf5+ Kg7
45.Rxf4 Qg3 46.Qf7+ Kh6 47.Rf3 Qg5 48.Qf4  1-0

[Event "FSIM July"]
[Site "Budapest HUN"]
[Date "2010.07.05"]
[Round "3"]
[White "Lyell,M"]
[Black "Berczes,C"]
[Result "0-1"]
[WhiteElo "2288"]
[BlackElo "2384"]

1.e4 d6 2.d4 Nf6 3.Nc3 e5 4.Nf3 Nbd7 5.Bc4 Be7 6.O-O O-O 7.Re1 c6 8.a4 b6
9.b3 Bb7 10.Bb2 Qc7 11.Bd3 a6 12.Ne2 Rfe8 13.Ng3 Bf8 14.Qd2 exd4 15.Nxd4 d5
16.Ndf5 dxe4 17.Nxe4 Nxe4 18.Bxe4 Ne5 19.Qf4 f6 20.Re3 Qd7 21.Rae1 Rad8 22.h4 Bb4
23.Nh6+ Kh8 24.Bxe5 Bxe1 25.Rd3 Qe6 26.Bf5 Qe7 27.Bd6 Rxd6 28.Rxd6 Qf8 29.Rd7 Bc8
30.Rf7 Qc5 31.Bxc8 Rxc8 32.b4 Qxc2 33.Nf5 Rg8 34.Ne3 Qb1 35.Kh2 Qxb4 36.Rxf6 Qxf4+
37.Rxf4 b5 38.Ng4 Bc3 39.Re4 Rb8 40.Ne3 c5 41.Re6 b4 42.Rxa6 b3 43.Nc4 b2
44.Na3 h6 45.Nb1 Bb4  0-1

[Event "ch-Paris Int"]
[Site "Paris FRA"]
[Date "2010.07.05"]
[Round "3"]
[White "Rendboe,J"]
[Black "Zhu Chen"]
[Result "0-1"]
[WhiteElo "2252"]
[BlackElo "2476"]

1.d4 d6 2.e4 Nf6 3.Nc3 e5 4.dxe5 dxe5 5.Qxd8+ Kxd8 6.Nf3 Bd6 7.Bc4 Ke8 8.O-O a6
9.a4 b6 10.b3 Bb7 11.Bb2 Nbd7 12.Rfe1 c6 13.Rad1 Bb4 14.Re2 b5 15.Bd3 Ba5
16.axb5 axb5 17.Nb1 Bc7 18.Ba3 Nb6 19.Red2 Ba6 20.Nc3 Nfd7 21.Be2 f6 22.Nh4 g6
23.Bd6 Bd8 24.Bg4 Bc8 25.Bc5 Be7 26.Bxe7 Kxe7 27.Rd6 Nb8 28.Bxc8 Nxc8 29.R6d2 Nb6
30.g3 b4 31.Ne2 N8d7 32.f3 Nc5 33.Ng2 Ra2 34.Ne3 Ne6 35.f4 Nc5 36.fxe5 fxe5
37.Rd6 Rc8 38.Nc1 Ra1 39.Nc4 Nxc4 40.bxc4 Rxc1  0-1

[Event "ch-Paris Int"]
[Site "Paris FRA"]
[Date "2010.07.05"]
[Round "3"]
[White "Sethuraman,S"]
[Black "Shoker,S"]
[Result "1-0"]
[WhiteElo "2513"]
[BlackElo "2472"]

1.e4 d6 2.d4 Nf6 3.Nc3 c6 4.Be3 Qa5 5.Qd2 e5 6.f3 Be7 7.Nge2 Nbd7 8.g4 b5
9.Ng3 exd4 10.Bxd4 b4 11.Nd1 Ne5 12.Be2 h6 13.Ne3 c5 14.Bxe5 dxe5 15.Bc4 Ba6
16.Ngf5 Bxc4 17.Nxc4 Qa6 18.Qe2 Kf8 19.Nxe5 Qe6 20.Nc4 Rd8 21.e5 Nd5 22.O-O-O Bg5+
23.Kb1 g6 24.Nfd6 Kg7 25.Qe4 Nb6 26.Nxb6 axb6 27.f4 Rxd6 28.Rxd6 Qxg4 29.Rxg6+ fxg6
30.Qb7+ Kg8 31.fxg5 hxg5 32.Rf1 Qc4 33.Rf6 Rxh2 34.Rxg6+ Kf8 35.Rf6+ Kg8
36.Qc8+ Kg7 37.Qd7+ Kg8 38.Qe8+ Kg7 39.Qg6+ Kh8 40.Rf8+  1-0

[Event "38th TCh-GRE DivA"]
[Site "Peristeri GRE"]
[Date "2010.07.06"]
[Round "2"]
[White "Serntedakis,A"]
[Black "Kotronias,V"]
[Result "0-1"]
[WhiteElo "1906"]
[BlackElo "2582"]

1.e4 d6 2.d4 Nf6 3.Nc3 e5 4.dxe5 dxe5 5.Qxd8+ Kxd8 6.Bc4 Ke8 7.f3 c6 8.Be3 Nbd7
9.Nge2 b5 10.Bb3 Bc5 11.Kf2 Bxe3+ 12.Kxe3 Nc5 13.a4 b4 14.Nb1 a5 15.Nd2 Nfd7
16.Bc4 Nb6 17.b3 Ke7 18.Rhd1 Rd8 19.Rac1 Ncxa4 20.bxa4 Rxd2 21.Kxd2 Nxc4+
22.Ke1 Nb2 23.Rd2 Nxa4 24.Ra1 Nb6 25.Nc1 Nc4 26.Re2 Ba6 27.Nd3 f6 28.Kd1 Kd6
29.Kc1 c5 30.Rf2 Na3 31.Rd2 Kc6 32.Rd1 c4 33.Nf2 c3 34.Nd3 Bc4 35.g3 Re8
36.h3 g5 37.g4 h5 38.Ne1 hxg4 39.hxg4 Rh8 40.Nd3 Rh2 41.Ne1 Re2  0-1

[Event "ch-Paris Int"]
[Site "Paris FRA"]
[Date "2010.07.07"]
[Round "5"]
[White "Adhiban,B"]
[Black "Den Heeten,D"]
[Result "1-0"]
[WhiteElo "2483"]
[BlackElo "2328"]

1.e4 d6 2.d4 Nf6 3.Nc3 e5 4.Nge2 c6 5.f3 Nbd7 6.g4 exd4 7.Nxd4 Nxg4 8.fxg4 Qh4+
9.Kd2 Ne5 10.Qe1 Qf6 11.Qg3 Bxg4 12.Ke1 Be7 13.Be2 h5 14.Rf1 Qg6 15.Nf5 h4
16.Qf4 Bh3 17.Rf2 Qg1+ 18.Rf1 Bxf1 19.Bxf1 g6 20.Nxe7 Kxe7 21.h3 Rh5 22.Be3 Qh1
23.Rd1 Qf3 24.Qxf3 Nxf3+ 25.Kf2 Ne5 26.Ne2 Rh7 27.Nd4 Rf8 28.c4 Nd7 29.Nf3 Rh5
30.Bg5+ Ke6 31.Nd4+ Ke5 32.Nf3+ Ke6 33.Nd4+ Ke5 34.Be7 Re8 35.Nf3+ Kxe4 36.Bd3+ Kf4
37.Bxd6+ Ne5 38.Rg1 f5 39.Re1 Rhh8  1-0

[Event "38th TCh-GRE DivA"]
[Site "Peristeri GRE"]
[Date "2010.07.07"]
[Round "3"]
[White "Schut,L"]
[Black "Koutsoura,Georgia"]
[Result "1-0"]
[WhiteElo "2286"]
[BlackElo "1318"]

1.e4 d6 2.d4 Nf6 3.Nc3 Nbd7 4.Nge2 e5 5.g3 Be7 6.Bg2 c6 7.O-O O-O 8.f4 Re8
9.h3 Bf8 10.Be3 exd4 11.Bxd4 Nb6 12.b3 Be6 13.Qd2 Be7 14.Rad1 Qc7 15.Bxf6 Bxf6
16.Qxd6 Qxd6 17.Rxd6 Be7 18.Rd3 Rad8 19.Rfd1 Nd7 20.f5 Bxf5 21.exf5 Bc5+
22.Kh2 Re7 23.Ne4 Bb6 24.f6 gxf6 25.Rxd7 Rexd7 26.Rxd7 Rxd7  1-0

[Event "Sparkassen Open"]
[Site "Nettetal GER"]
[Date "2010.07.08"]
[Round "6"]
[White "Krebs,D"]
[Black "Sturm,T"]
[Result "1/2-1/2"]
[WhiteElo "2140"]
[BlackElo "2037"]

1.e4 d6 2.d4 Nf6 3.Nc3 c6 4.f4 Qa5 5.Bd3 e5 6.Nf3 exd4 7.Nxd4 Qb6 8.Nf3 Nbd7
9.Qe2 Nc5 10.Rb1 Be7 11.Be3 Nxd3+ 12.cxd3 Qd8 13.O-O Ng4 14.Bd2 O-O 15.h3 Nf6
16.Be3 Nh5 17.Kh2 f5 18.e5 dxe5 19.Nxe5 Qe8 20.g3 Bd6 21.d4 Nf6 22.Rfe1 Be6
23.a3 Nd5 24.Bd2 Rf6 25.Nc4 Qf8 26.Nxd6 Qxd6 27.Qe5 Qxe5 28.dxe5 Nxc3 29.Bxc3 Rff8
30.Bb4 Rfd8 31.Bd6 Rd7 32.Rbc1 h5 33.h4 Kf7 34.Red1 Rad8 35.Kg1 Bd5 36.Kf2 Ke6
37.Rc3 Kf7 38.Rd4 Ke6 39.Ke3 Kf7 40.Ra4 b6 41.Rd4  1/2-1/2

[Event "ch-Paris Int"]
[Site "Paris FRA"]
[Date "2010.07.08"]
[Round "6"]
[White "Moussard,J"]
[Black "Manouck,T"]
[Result "1-0"]
[WhiteElo "2276"]
[BlackElo "2330"]

1.e4 d6 2.d4 Nf6 3.Nc3 Nbd7 4.f4 e5 5.Nf3 exd4 6.Qxd4 c6 7.Be3 d5 8.exd5 Bc5
9.Qd3 Qe7 10.Nd4 Ng4 11.Nf5 Nde5 12.Nxe7 Nxd3+ 13.Bxd3 Nxe3 14.Nxc8 Rxc8
15.Kd2 cxd5 16.Rae1 d4 17.Nd5 O-O 18.Nxe3 dxe3+ 19.Ke2 Rfd8 20.Kf3 Bd4 21.g4 g6
22.h4 b6 23.b3 a5 24.Re2 Rc3 25.g5 Bc5 26.f5 gxf5 27.Bxf5 Rd5 28.Be4 Rd2
29.Bd3 Rxe2 30.Kxe2 Kg7 31.Rf1 Be7 32.Kxe3 f6 33.h5 fxg5 34.h6+ Kg8 35.Kd2 Rc6
36.Bc4+ Kh8 37.Re1 Rd6+ 38.Kc1 Bf8 39.Re8 Rf6 40.Be6 Rf2 41.Kd1 Rf6 42.a3 Rxh6
43.Rxf8+ Kg7 44.Rf7+ Kg6 45.Rb7 Kf6 46.Bg8 Rh1+ 47.Ke2 Rh2+ 48.Kd3 h5 49.Rxb6+ Ke5
50.Re6+ Kf4 51.Re4+ Kg3 52.Re3+ Kf4 53.Bd5 g4 54.b4 axb4 55.axb4  1-0

[Event "ch-SUI"]
[Site "Lenzerheide SUI"]
[Date "2010.07.09"]
[Round "2"]
[White "Gallagher,Jo"]
[Black "Pelletier,Y"]
[Result "1/2-1/2"]
[WhiteElo "2499"]
[BlackElo "2589"]

1.e4 d6 2.d4 Nf6 3.Nc3 e5 4.dxe5 dxe5 5.Qxd8+ Kxd8 6.Bc4 Ke8 7.Bg5 c6 8.O-O-O Nfd7
9.Nge2 f6 10.Be3 Bc5 11.Bxc5 Nxc5 12.Ng3 g6 13.h4 h5 14.b4 Ne6 15.Nge2 Ke7
16.Rh3 Nd7 17.Rg3 Ndf8 18.a4 a5 19.b5 Nc5 20.Kb2 Bg4 21.f3  1/2-1/2

[Event "3rd Open"]
[Site "Paracin SRB"]
[Date "2010.07.09"]
[Round "1"]
[White "Lahiri,A"]
[Black "Bargan,Sv"]
[Result "1-0"]
[WhiteElo "2353"]
[BlackElo "2027"]

1.d4 d6 2.e4 Nf6 3.Nc3 e5 4.dxe5 dxe5 5.Qxd8+ Kxd8 6.Bc4 Bb4 7.Bd2 Ke7 8.a3 Bc5
9.f4 Nc6 10.Nf3 Be6 11.Nd5+ Bxd5 12.exd5 Nd4 13.fxe5 Ng4 14.Nxd4 Bxd4 15.Bb4+ Kd8
16.e6 fxe6 17.dxe6 Ne3 18.Bb3 c5 19.Bd2 h6 20.c3 Nxg2+ 21.Kf1  1-0

[Event "ch-Paris Int"]
[Site "Paris FRA"]
[Date "2010.07.09"]
[Round "7"]
[White "Zhu Chen"]
[Black "Den Heeten,D"]
[Result "1-0"]
[WhiteElo "2476"]
[BlackElo "2328"]

1.d4 d6 2.e4 Nf6 3.Nc3 e5 4.dxe5 dxe5 5.Qxd8+ Kxd8 6.Bc4 Bb4 7.Bd2 Be6 8.Bxe6 fxe6
9.O-O-O Nbd7 10.f3 c6 11.Nh3 Ke7 12.Nf2 h6 13.h4 Rhf8 14.h5 Bd6 15.a4 Nc5
16.b3 Rfd8 17.Be3 b6 18.Kb1 Na6 19.Nd3 Nb4 20.Nb2 Bc7 21.Rdf1 Rh8 22.Rh3 Rag8
23.Rfh1 Na6 24.Nc4 Nb8 25.Bc1 Nh7 26.Nd1 b5 27.Ba3+ Kd7 28.Nce3 Bd6 29.Bb2 Ke7
30.Nf2 Nd7 31.axb5 cxb5 32.Nd3 Nhf6 33.Rg3 Kf7 34.Ng4 Nxg4 35.Rxg4 a6 36.Rd1 Ke7
37.f4 g5 38.hxg6 h5 39.Rg5 Rh6 40.fxe5 Bc7 41.Nf4 b4 42.g7 h4 43.Nh5  1-0